000 00597nam a2200193Ia 4500
003 GCL
008 140319s9999 xx 000 0 ara d
040 _aGCL /
_cGCL
082 0 4 _aق
_b953.081
_bا ا
100 1 _aعبدالمنعم عامر
245 1 0 _aاخرة المماليك واقعة السلطان الغورى مع سليم العثمانى /
_cعبدالمنعم عامر
700 1 _aاحمد الرمال
300 _a180 ص
490 _aكتب ثقافية
_v0
650 0 4 _aمصر
650 0 4 _aالقاهرة
650 0 4 _aالسلطان الغورى
942 _2ddc
_cBK
999 _c39296
_d39296